Hazards of Nitrogen and Catalyst Handling Safety sharing the experience

Salvato in:
Dettagli Bibliografici
Natura: Libro
Lingua:inglese
Pubblicazione: Rugby Institution of Chemical Engineers 2004
Edizione:1. vyd.
Serie:BP Process Safety Series
Accesso online:Visualizza in OPAC
Tags: Aggiungi Tag
Nessun Tag, puoi essere il primo ad aggiungerne!!

MARC

LEADER 00000nam a2200000 a 4500
005 20260127134111.0
008 050304 2004 enk 000 0 eng d
020 |a 0852954697 
035 |a vtls001517545 
039 9 |y 200503041133  |z mschk03 
040 |a STUSCHK1  |b slo  |c STUSCHK1  |e AACR2 
080 |a 614.8 
245 1 |a Hazards of Nitrogen and Catalyst Handling  |b Safety sharing the experience 
250 |a 1. vyd. 
260 |a Rugby  |b Institution of Chemical Engineers  |c 2004 
300 |a V, 55 s. 
490 0 |a BP Process Safety Series 
910 |a SCHK95 
919 |a 0-85295-469-7 
999 |c 4082  |d 4082